Evasin̤ fiscal un problema a resolver

Detalles Bibliográficos
Autor principal: Camargo Hernǹdez, David Francisco
Formato: eBook
Lenguaje:español
Publicado: Barcelona : Editorial vLex, 2013
Materias:
Acceso en línea:http://www.vlex.com/source/11053

MARC

LEADER 00000nam a22000007a 4500
005 20130426124508.0
007 cr|||| ||||
008 130426e2013 sp |||||s|||| 00||0 spa d
020 |a 84-689-5320-3 
035 |a 11053 
040 |a vLex 
090 |c 4194  |d 4194 
100 1 0 |a Camargo Hernǹdez, David Francisco  
245 1 0 |a Evasin̤ fiscal  |b un problema a resolver  |c / David Francisco Camargo Hernǹdez   |h [Recurso electrn̤ico] 
256 |a Servicio en ln̕ea 
260 |a Barcelona :  |b Editorial vLex,   |c 2013 
300 |a 1 Recurso electrn̤ico 
506 |d vLex Global  |d vLex Global (Academic Edition, excluding Law Schools)  |d vLex Global (U.S. Academic Edition, Law Schools)  |d vLex Global (U.S. Academic Edition, excluding Law Schools)  |d vLex Global (Academic Edition, Law Schools) 
650 0 4 |a Derecho tributario 
650 0 4 |a Evasin̤ fiscal 
650 0 4 |a Fraude fiscal 
740 |a vLex Libros (Servicio en ln̕ea) 
856 |a Acceso restringido  |u http://www.vlex.com/source/11053 
942 |c BOOK 
999 0 |b Taxation